000 00514nam a22001697a 4500
005 20251108172706.0
008 250721s2001 xx 000 0 ara d
082 1 4 _a346.078/ضنا
100 1 _aضناوي، عدنان
_eمؤلف
245 1 0 _aالإسناد التجارية والإفلاس /
264 1 _aبيروت :
_bالمؤسسة الحديثة للكتاب،
_c2001.
300 _a376ص
650 1 7 _aالقانون التجاري
650 1 7 _aالإفلاس
942 _2ddc
_cBK
999 _c86073
_d86073